000 00573nam a22001937a 4500
999 _c525936
_d525936
003 NUST
005 20190705112609.0
008 190705b ||||| |||| 00| 0 eng d
038 _aMr.Zahoor
082 _a540
100 _aTahir, Maryam
_916888
245 _aCO2 Sorption-Desorption and Physical Properties of BaCo3/CuO Composites /
_c Maryam Tahir
260 _aIslambad :
_bSNS - NUST,
_c2017.
300 _axiii, 69 p. : ill. ;
_c30cm.
500 _aHardcover.
650 _aChemistry - MS Thesis
_916069
700 _aDr. Zahida Malik
_916166
942 _2ddc
_cTHE